000 00252nam a2200097Ia 4500
008 230907s9999||||xx |||||||||||||| ||und||
082 _a333.7387404,
_bECO
245 0 _aEconomic evaluation of climate change impacts /
300 _apages cm
942 _cBK
999 _c597549
_d597549